|
|
|
|
| LEADER |
01396ppm a22002658a 4500 |
| 001 |
00046326 |
| 008 |
121120s2010 ||||||viesd |
| 005 |
20210126090130.0 |
| 041 |
0 |
# |
|a vie
|
| 082 |
1 |
4 |
|b D305TH
|a 577.69
|
| 100 |
1 |
# |
|a Lư, Ngọc Trâm Anh
|
| 245 |
0 |
0 |
|c Lư Ngọc Trâm Anh; Viên Ngọc Nam, Nguyễn Thị Phương Thảo (hướng dẫn)
|a Diễn thế nguyên sinh rừng ngập mặn ở Cồn Ông Trang thuộc khu dự trữ Sinh quyển mũi Cà Mau
|b Luận án tiến sĩ sinh học. Chuyên ngành: Sinh thái học. Mã số: 9.42.01.20
|
| 260 |
# |
# |
|a Hà Nội
|b Học viện Khoa học và Công nghệ
|c 2020
|
| 300 |
# |
# |
|a 159 tr.
|c 30cm
|e 2 bản tóm tắt
|
| 500 |
# |
# |
|a ĐTTS ghi: Bộ Giáo dục và Đào tạo. Viện Hàn lâm khoa học và Công nghệ Việt Nam. Học viện Khoa học và Công nghệ
|
| 653 |
# |
# |
|a Diễn thế nguyên sinh
|
| 653 |
# |
# |
|a Sinh thái
|
| 653 |
# |
# |
|a Rừng ngập mặn
|
| 653 |
# |
# |
|a Luận án
|
| 653 |
# |
# |
|a Khu dự trữ Sinh quyển mũi Cà Mau
|
| 700 |
1 |
# |
|a Viên, Ngọc Nam
|e Hướng dẫn
|
| 700 |
1 |
# |
|a Nguyễn, Thị Phương Thảo
|e Hướng dẫn
|
| 852 |
# |
# |
|j LA.0000345
|
| 910 |
# |
# |
|d 26/01/2021
|
| 980 |
# |
# |
|a Trung tâm Học liệu Lê Vũ Hùng, Trường Đại học Đồng Tháp
|